<?xml version="1.0" encoding="UTF-8"?>
<marc:record xmlns:marc="http://www.loc.gov/MARC21/slim">
   <marc:leader>00000nam a2200000 a 4500</marc:leader>
   <marc:datafield ind1="1" ind2=" " tag="100">
      <marc:subfield code="a">Bahnmüller, Lisa</marc:subfield>
      <marc:subfield code="4">aut</marc:subfield>
      <marc:subfield code="e">Verfasser/-in</marc:subfield>
   </marc:datafield>
   <marc:datafield ind1="1" ind2=" " tag="100">
      <marc:subfield code="a">Bahnmüller, Wilfried</marc:subfield>
      <marc:subfield code="4">aut</marc:subfield>
      <marc:subfield code="e">Verfasser/-in</marc:subfield>
   </marc:datafield>
   <marc:datafield ind1="0" ind2="0" tag="245">
      <marc:subfield code="a">Burgenland</marc:subfield>
   </marc:datafield>
   <marc:datafield ind1="0" ind2="0" tag="245">
      <marc:subfield code="b">Wein, Wasser und weites Land</marc:subfield>
   </marc:datafield>
   <marc:datafield ind1="0" ind2="0" tag="245">
      <marc:subfield code="c">Bahnmüller, Lisa</marc:subfield>
   </marc:datafield>
   <marc:datafield ind1=" " ind2="1" tag="264">
      <marc:subfield code="a">Berndorf</marc:subfield>
      <marc:subfield code="b">KRAL</marc:subfield>
      <marc:subfield code="c">2017</marc:subfield>
   </marc:datafield>
   <marc:datafield ind1="1" ind2=" " tag="520">
      <marc:subfield code="a">VERLAGSTEXT: Das jüngste Bundesland Österreichs hat einen ganz besonderen Charme, den immer mehr Ruhesuchende und Liebhaber des Besonderen zu schätzen wissen. Sein mildes Klima, seine herausragende Weite und die bewegte Geschichte bieten viele Möglichkeiten, interessante Entdeckungen zu machen. Der reiche Kulturschatz, seine einzigartigen Naturparadiese (das kleine Bundesland hat immer sechs Naturparks) und seine besonderen Bewohner machen es zu einer wunderbaren Erholungsoase. Lisa und Wilfried Bahnmüller haben die schönsten und eindrucksvollsten Impressionen zu allen Jahreszeiten sehr liebevoll eingefangen. Die Lektüre dieses stimmungsvollen Bildbandes nimmt Sie mit auf eine herrliche Reise zu architektonischen Schmankerln, pannonischer Kreativität und verlockender Kulinarik. Herrliche Naturstimmungen treffen auf entzückende Details, die diesen Fleck Österreich so einzigartig machen.</marc:subfield>
   </marc:datafield>
   <marc:datafield ind1=" " ind2=" " tag="020">
      <marc:subfield code="a">9783990247198</marc:subfield>
      <marc:subfield code="9">9783990247198</marc:subfield>
   </marc:datafield>
   <marc:datafield ind1=" " ind2=" " tag="020">
      <marc:subfield code="a">3990247190</marc:subfield>
      <marc:subfield code="9">3990247190</marc:subfield>
   </marc:datafield>
   <marc:datafield ind1=" " ind2=" " tag="041">
      <marc:subfield code="a">ger</marc:subfield>
   </marc:datafield>
   <marc:datafield ind1=" " ind2=" " tag="300">
      <marc:subfield code="b">Farbfoto und Ill.</marc:subfield>
   </marc:datafield>
   <marc:datafield ind1=" " ind2=" " tag="338">
      <marc:subfield code="a">Band</marc:subfield>
   </marc:datafield>
   <marc:datafield ind1=" " ind2=" " tag="300">
      <marc:subfield code="a">216 Seiten</marc:subfield>
   </marc:datafield>
</marc:record>
